Rita Cheminais’ handbook for SENCOs

Saved in:
Bibliographic Details
Main Author: CHEMINAIS, Rita
Format: Book
Language:English
Published: Sage Publications, 2015.
Tags: Add Tag
No Tags, Be the first to tag this record!

MARC

LEADER 00000nam a22000007a 4500
008 210126b ||||| |||| 00| 0 eng d
020 |a 978-1-4462-7419-4 
100 |a CHEMINAIS, Rita 
245 |a Rita Cheminais’ handbook for SENCOs  |c Rita Cheminais.   |g xvi, 189p.; ill. 
250 |b 2nd ed 
260 |b Sage Publications,   |c 2015.  |h Los Angeles:   |i 692082   |i 692083,  |l LC4601 .C41  |m Learning disabled children – Education.   |m Special education.  |m Sensory disorders in children.  |m Special education teachers – Professional relationships 
500 |a “It includes references and index”. 
942 |a lcc  |c BK  |e Adeniran, F. A  |f 26/01/2021 
952 |0 0  |1 0  |2 lcc  |4 0  |6 LC4601 C41  |7 0  |9 1881  |a HOL  |b ED  |c LP  |d 2021-01-26  |l 0  |o LC4601 .C41  |p 2021-5748  |r 2021-01-26 00:00:00  |w 2021-01-26  |y BK 
952 |0 0  |1 0  |2 lcc  |4 0  |6 LC4601 C41  |7 0  |9 1885  |a HOL  |b HOL  |c LP  |d 2021-01-26  |l 0  |o LC4601 .C41  |p 2021-5752  |r 2021-01-26 00:00:00  |w 2021-01-26  |y BK 
999 |c 987  |d 987